| 000 | 00461cam a2200193ua 4500 | ||
|---|---|---|---|
| 001 | 4187 | ||
| 005 | 20260515113811.0 | ||
| 008 | 111220n ii |||gr||||Z||||||asm | ||
| 040 | _cMAIN | ||
| 082 | _a891.4518 | ||
| 100 | 1 | _aBarua, Hem, | |
| 245 | 1 | 1 |
_aMekong noi dekhilo _cby Hem Barua |
| 250 | _a2nd. | ||
| 260 |
_aGuwahati: _bSahitya prakash,968. |
||
| 300 |
_a160p: _c23cm. |
||
| 653 | _aAssamese travelogue | ||
| 653 | _aMekong noi dekhilo | ||
| 942 | _cBK | ||
| 999 |
_c4005 _d4005 |
||